Драма свободи в модернізмі: пророчі голоси драматургії Лесі Українки (Запис № 353684)

МАРК-запис
000 -Лідер
fixed length control field 04643nam a22003497a 4500
003 - Ідентифікатор контрольного номера
control field UA-OsUOA
001 - Контрольний номер
control field 67499
007 - Фіксоване поле фізичного опису
fixed length control field ta
008 - Елементи даних фіксованої довжини – загальна інформація
fixed length control field 20100225b un ||||| |||| 00| 0 ukr d
090 ## - Локальний шифр розміщення
Класифікаційний індекс УДК 82.09(477)
Авторський знак (НП) Д31
040 ## - Джерело каталогізації
Агенція оригінальної каталогізації UA-OsUOA
Мова каталогізації ukr
Агенція, яка здійснювала перезапис UA-OsUOA
Агенція, яка здійснювала модифікацію UA-OsUOA
041 ## - Код мови
Код мови тексту/ звукової доріжки чи окремого заголовка (П) ukr
080 ## - Індекс Універсальної десяткової класифікації
Індекс Універсальної десяткової класифікації (УДК) (НП) 82.09(477)
020 ## - Міжнародний стандартний книжковий номер (ISBN)
Міжнародний стандартний книжковий номер (ISBN) (НП) 978-966-8226-86-1
100 ## - Основне введення – ім’я особи
Ім’я особи (НП) Демська-Будзуляк Л.
245 ## - Відомості про назву
Назва (НП) Драма свободи в модернізмі: пророчі голоси драматургії Лесі Українки
Решта назви (НП) Монографія
260 ## - Публікація, розповсюдження і т.п. (Вихідні дані)
Місце публікації, розповсюдження і т.п. (П) К.
Ім’я/ наймення видавництва, розповсюджувача і т.п. (П) Академвидав
Дата публікації, розповсюдження і т.п. (П) 2009
300 ## - Фізичний опис
Обсяг 184 с.
520 3# - Резюме і т.п.
Резюме, реферат, анотація, тощо (НП) Кожна епоха наснажується своїми великими ідеями, питома сутність яких живить людство на всіх етапах духовного розвитку. Серед них — ідея свободи. До неї зверталися і фундаментально її осмислювали філософи античності, середньовічні теологи, ідеологи фр
520 3# - Резюме і т.п.
Резюме, реферат, анотація, тощо (НП) анцузької революції, великі вчені різних часів, у літературі — романтики, модерністи.Феномен свободи є одним із центральних у драматургійній спадщині Лесі Українки. Поєднавши у своїй творчості українську традицію і загальносвітовий культурний досвід
520 3# - Резюме і т.п.
Резюме, реферат, анотація, тощо (НП) , вона запропонувала власну візію загальнолюдських цінностей, ідеалу свободи особистості, нації. Про це йдеться у монографічному дослідженні, яке зацікавить і буде корисним викладачам, студентам, вчителям-філологам, філологічно зорієнтованим учням сер
520 3# - Резюме і т.п.
Резюме, реферат, анотація, тощо (НП) едніх навчальних закладів, усім, хто заглиблюється думкою у літературознавчу проблематику.ЗмістДРАМАТУРГІЯ ЛЕСІ УКРАЇНКИ У ДЗЕРКАЛІ ЕПОХИ1. БІЛЯ ДЖЕРЕЛ ЄВРОПЕЙСЬКОГО МОДЕРНІЗМУ1.1. Ранній модернізм та критика християнства1.2. Модерна крити
520 3# - Резюме і т.п.
Резюме, реферат, анотація, тощо (НП) ка Ф. Ніцше1.3. Шляхи літературного модернізму2. НОВА ЄВРОПЕЙСЬКА ДРАМА ЯК ФЕНОМЕН ЕПОХИ2.1. Історія виникнення нової європейської драми2.2. Драматургія Лесі Українки в контексті раннього модернізму2.3. Нові герої нового часу3. ІНДИВІДУАЛ
520 3# - Резюме і т.п.
Резюме, реферат, анотація, тощо (НП) ЬНА СВОБОДА — ЦІННІСТЬ З БАГАТЬМА ОБЛИЧЧЯМИ4. ПОМІЖ СВОБОДОЮ І РАБСТВОМ4.1. Трагічний простір митця4.2. «Дух Божий знайде сам мене в пустелі…»4.3. «В дому роботи — в країні неволі»5. ПОШУКИ ЕСТЕТИЧНОЇ СВОБОДИ5.1. «Блакитна троянда» для Кас
520 3# - Резюме і т.п.
Резюме, реферат, анотація, тощо (НП) сандри5.2. Авторський ескіз спонтанної жінки й раціонального чоловіка5.3. Пристрасть серця чи пристрасть духу…5.4. Духовний полон як індивідуальна поразка5.5. Екзистенційні виміри любові6. ЕТИЧНА СВОБОДА ХРИСТИЯНСЬКОЇ МОРАЛІ6.1. Змарнован
520 3# - Резюме і т.п.
Резюме, реферат, анотація, тощо (НП) а свобода розуму і серця6.2. Драма розчарування6.3. Світло, яке стає любов’ю6.4. Вільна жінка у тенетах патріархальної моралі6.5. Добровільна втрата ідентичності7. ЕТИЧНА СВОБОДА ДОБРОВІЛЬНОГО ВИБОРУ7.1. Свобода, яка поневолює7.2. Філосо
520 3# - Резюме і т.п.
Резюме, реферат, анотація, тощо (НП) фія зради 7.3. «Камінна» свобода7.4. Оніміння Кассандри7.5. Драма відчуження7.6. Смерть як свободаЛІТЕРАТУРА
650 #7 - Додаткове предметне введення – тематичний термін
Тематичний термін чи географічна назва, як елемент введення (НП) 82 Література. Літературознавство
Джерело заголовка чи терміна UDC
942 ## - Додаткові елементи входу (Коха)
Тип елемента Koha Книги
955 ## - Код типу видання за змістом
Код типу видання за змістом (НП) Наукові видання
Фонди
Стан вилучень Стан втрат Джерело класифікації або схеми стелажів Стан уражень Не для кредиту Постійне місце розташування Поточне розміщення Дата придбання Джерело придбання Вартість, звичайна ціна покупки Інвентарний номер Усього замовленно Повний номер виклику Штрих-код Дата останнього перегляду Дата останньої перевірки Ціна ефективна від Тип елемента Koha
    Universal Decimal Classification     ЧЗ - Читальна зала ЧЗ - Читальна зала 25/02/2010 14/2010 32.00 126719 1 82.09(477) Д31 126719 03/11/2023 03/11/2023 25/02/2010 Книги
    Universal Decimal Classification     ЧЗ - Читальна зала ЧЗ - Читальна зала 25/02/2010 14/2010 32.00 126720   82.09(477) Д31 126720 09/02/2022   25/02/2010 Книги
    Universal Decimal Classification     ЧЗ - Читальна зала ЧЗ - Читальна зала 09/04/2010 31/2010 32.00 127192   82.09(477) Д31 127192 09/02/2022   25/02/2010 Книги